| 000 | 02407nam a2200385 i 4500 | ||
|---|---|---|---|
| 003 | DO-SdBNP | ||
| 005 | 20250630100925.0 | ||
| 007 | ta | ||
| 008 | 240902s2009 gw abco 000 j spa d | ||
| 020 | _a9783861535515 | ||
| 040 |
_aDO-SdBNP _bspa _cBNPHU _erda |
||
| 082 |
_bD578 _222 |
||
| 100 | 1 |
_aDillmann, Hans Ulrich _911765 _d1951- _eautor |
|
| 245 | 1 | 0 |
_aFluchtpunkt karibik : _bjüdische emigranten in der Dominikanischen Republik / _cHans Ulrich Dillmann, Susanne Heim |
| 250 | _a1a. edición | ||
| 264 | 1 |
_aBerlin, Alemania : _bChristoph links verlag, _c2009. |
|
| 300 |
_a188 páginas, _bilustraciones, mapas, retratos, fotografías _c24 cm. |
||
| 336 |
_2rdacontent _atexto _btxt |
||
| 337 |
_2rdamedia _asin mediación _bn |
||
| 338 |
_2rdacarrier _avolumen _bnc |
||
| 500 | _aIncluye datos biográficos de los autores en la página 188. | ||
| 500 | _aTítulo en español: "Punto de fuga del caribe: emigrantes judíos en la República Dominicana" | ||
| 500 | _aLibro en aleman. | ||
| 500 | _aIncluye abreviaturas. | ||
| 500 | _aIncluye registro de personas. | ||
| 504 | _aBibliografía p: 169-183. | ||
| 520 | _aSusúa es un paraíso de vacaciones popular en la República Dominicana, también para los turistas alemanes del Caribe. Hace 70 años, al comienzo de la Segunda Guerra Mundial, la pequeña ciudad actual en el norte de la isla de Hispaniola era uno de los pocos refugios seguros para los judíos. Mientras que casi todos los países cerraron sus fronteras a los refugiados de tierras nazi-alemanas, se iba a crear un proyecto insignia agrícola similar al kibutzim judío en el estado insular dictatorial. A pesar de las tremendas dificultades, los judíos alemanes y austriacos introdujeron la industria láctea en la isla caribeña, fundaron tiendas medianas, cooperativas agrícolas, un club deportivo, construyeron una sinagoga y un hospital. Hans-Ulrich Dillmann y Susanne Heim describen la historia inusual de este proyecto de asentamiento, que refleja una parte de la historia mundial del siglo XX. | ||
| 590 | _aInventariado, 2024/ YL | ||
| 650 | 4 |
_aHolocausto judío _y1939-1945 _986493 |
|
| 651 | 0 |
_aRepública Dominicana _xHistoria _yEra de Trujillo, 1930-1961 _978796 |
|
| 651 | 4 |
_aRepública Dominicana _xPolítica y gobierno _yEra de Trujillo, 1930-1961 |
|
| 700 | 1 |
_aHeim, Susanne _d1955- _eautora _986490 |
|
| 910 | _aYLockward | ||
| 942 |
_2ddc _cLBS1 |
||
| 999 |
_c57600 _d57600 |
||